<?xml version="1.0" encoding="UTF-8"?>
<collection xmlns="http://www.loc.gov/MARC21/slim">
 <record>
  <leader>01951nam a2200421   4500</leader>
  <controlfield tag="001">DLU070061407</controlfield>
  <controlfield tag="005">##20071220</controlfield>
  <controlfield tag="008">##961217s1997    nyu           001 0 eng d</controlfield>
  <datafield tag="010" ind1="#" ind2="#">
   <subfield code="a">   97114346 </subfield>
  </datafield>
  <datafield tag="020" ind1="#" ind2="#">
   <subfield code="a">0026473852</subfield>
  </datafield>
  <datafield tag="020" ind1="#" ind2="#">
   <subfield code="z">0026429578 (teacher's annotated ed.)</subfield>
  </datafield>
  <datafield tag="035" ind1="#" ind2="#">
   <subfield code="9">(DLC)   97114346</subfield>
  </datafield>
  <datafield tag="035" ind1="#" ind2="#">
   <subfield code="a">(OCoLC)35126329 </subfield>
  </datafield>
  <datafield tag="040" ind1="#" ind2="#">
   <subfield code="a">DLC</subfield>
   <subfield code="c">DLU</subfield>
   <subfield code="d">DLU</subfield>
  </datafield>
  <datafield tag="042" ind1="#" ind2="#">
   <subfield code="a">lccopycat</subfield>
  </datafield>
  <datafield tag="050" ind1="#" ind2="#">
   <subfield code="a">HQ769</subfield>
   <subfield code="b">.H557 1997</subfield>
  </datafield>
  <datafield tag="082" ind1="#" ind2="#">
   <subfield code="a">649.1</subfield>
   <subfield code="b">HI-V</subfield>
  </datafield>
  <datafield tag="100" ind1="#" ind2="#">
   <subfield code="a">Hildebrand, Verna.</subfield>
  </datafield>
  <datafield tag="245" ind1="#" ind2="#">
   <subfield code="a">Parenting :</subfield>
   <subfield code="b">rewards and responsibilities /</subfield>
   <subfield code="c">Verna Hildebrand.</subfield>
  </datafield>
  <datafield tag="250" ind1="#" ind2="#">
   <subfield code="a">6th ed.</subfield>
  </datafield>
  <datafield tag="260" ind1="#" ind2="#">
   <subfield code="a">New York :</subfield>
   <subfield code="b">Glencoe/McGraw-Hill,</subfield>
   <subfield code="c">c2000.</subfield>
  </datafield>
  <datafield tag="300" ind1="#" ind2="#">
   <subfield code="a">656 p. :</subfield>
   <subfield code="b">col. ill. ;</subfield>
   <subfield code="c">26 cm.</subfield>
  </datafield>
  <datafield tag="500" ind1="#" ind2="#">
   <subfield code="a">Includes index.</subfield>
  </datafield>
  <datafield tag="505" ind1="#" ind2="#">
   <subfield code="a">Parenting decisions: What is parenting; Role of the family; Rewards and responsibilities; Personal readiness; Teenage parenthood; Parenting skills -- Becoming a parent: Planning a family; Pregnancy; Prenatal care; Preparing for baby's arrival; Birth; Adjusting to parenthood -- New baby: Understanding infants; Parenting infants; Health and safety -- Nurturing children: Helping children grow and develop physically; Helping children develop emotionally; Helping children get along with others; Helping children learn; Value of play; Children with special needs -- Guiding children: Encouraging children; Guiding moral development; Guiding children's behavior; Handling common problems -- Family resources: Strengthening families; Family challenges; Selecting child care; Early childhood education; Exploring careers in child care and other occupations -- Glossary.</subfield>
  </datafield>
  <datafield tag="650" ind1="#" ind2="#">
   <subfield code="a">Child development.</subfield>
  </datafield>
  <datafield tag="650" ind1="#" ind2="#">
   <subfield code="a">Child rearing.</subfield>
  </datafield>
  <datafield tag="650" ind1="#" ind2="#">
   <subfield code="a">Parenting.</subfield>
  </datafield>
  <datafield tag="923" ind1="#" ind2="#">
   <subfield code="a">25/2007</subfield>
  </datafield>
  <datafield tag="992" ind1="#" ind2="#">
   <subfield code="a">32800</subfield>
  </datafield>
  <datafield tag="993" ind1="#" ind2="#">
   <subfield code="a">2000</subfield>
  </datafield>
  <datafield tag="994" ind1="#" ind2="#">
   <subfield code="a">DLU</subfield>
  </datafield>
  <datafield tag="900" ind1="#" ind2="#">
   <subfield code="a">True</subfield>
  </datafield>
  <datafield tag="911" ind1="#" ind2="#">
   <subfield code="a">Trương Bảo Trâm Anh</subfield>
  </datafield>
  <datafield tag="925" ind1="#" ind2="#">
   <subfield code="a">G</subfield>
  </datafield>
  <datafield tag="926" ind1="#" ind2="#">
   <subfield code="a">A</subfield>
  </datafield>
  <datafield tag="927" ind1="#" ind2="#">
   <subfield code="a">SH</subfield>
  </datafield>
  <datafield tag="980" ind1="#" ind2="#">
   <subfield code="a">Thư viện Trường Đại học Đà Lạt</subfield>
  </datafield>
 </record>
</collection>
